Statistics for Star Wars: The Clone Wars (Season 3) A-Z

Click here to take the quiz!

General Stats

  • This quiz has been taken 11 times
  • The average score is 9 of 25

Answer Stats

LetterHintAnswer% Correct
FNickname for the ARC trooper CT-5555Fives
89%
GA male Rodian bounty hunter who kidnapped Chairman Papanoida's daughtersGreedo
78%
SDathomirian Nightbrother and younger brother of MaulSavage Opress
78%
BA male Trandoshan bounty hunterBossk
67%
EA male Lannik Jedi Master who was imprison in the CitadelEven Piell
56%
HNickname for the heavy weapons expert CT-782Hevy
56%
WRepublic captain who was imprisoned in the CitadelWilhuff Tarkin
56%
ZObi-Wan is tasked with tracking down this member of the Hutt speciesZiro
56%
YStarfighter bomber used by the Galactic Republic NavyY-wing
44%
APrime Minister of Mandalore and involved in the black market trade networkAlmec
33%
LA young, human male senator from OnderonLux Bonteri
33%
MAn ethereal realm within the ForceMortis
33%
NA clan and ancient order of magick-wielding female DathomiriansNightsisters
33%
QA Kiffar male Jedi Master and an expert trackerQuinlan Vos
33%
CElite clone troopersClone Commando
22%
IA male Nikto Jedi MasterIma-Gun Di
22%
TA techno-service droid owned by Cad BaneTodo 360
22%
DA large, predatory reptile that dwelled in the muddy waters of Nal HuttaDragonsnake
11%
JA Twi'lek male Jedi youngling who was captured by Trandoshan huntersJinx
11%
OA Phindian male who served as warden of the CitadelOsi Sobeck
11%
PSy Snootles is a member of this speciesPa'lowick
11%
RA lush planet in the that served as the capital planet of the Confederacy of Independent SystemsRaxus Secundus
11%
UErk Zallis worked at the carbon freezing chamber of the Jedi Temple and is a member of this speciesUgnaught
11%
VA male Dathomirian Zabrak who led a Nightbrother clan on DathomirViscus
11%
KToydarian king who was killed by the Dathomirian Nightbrother related to MaulKatuunko
0%

Score Distribution

Percentile by Number Answered

Percent of People with Each Score

Your Score History

You have not taken this quiz